000 00612nam a2200181Ia 4500
003 GCL
008 140319s9999 xx 000 0 ara d
040 _aGCL /
_cGCL
082 0 4 _a239
_bا ت
100 1 _aمصطفى السقا
245 1 0 _aتراث الاسلام: السيرة النبوية لابن هشام /
_cمصطفى السقا
700 1 _aابراهيم الابيارى
260 _a[S.N] :
_bالمكتبة العلمية
490 _aالسلسلة الشعرية الثانية
_v0
650 0 4 _aالسيرة النبوية
650 0 4 _aالتراث الاسلامى
942 _2ddc
_cBK
999 _c54178
_d54178